| 000 | 00752nam a2200169 i 4500 | ||
|---|---|---|---|
| 001 | 152180 | ||
| 003 | ES-MaACL | ||
| 005 | 20230906204552.0 | ||
| 008 | 931025s1843 fr |||| | spa d | ||
| 040 |
_aPAB _bspa |
||
| 100 | 1 |
_aBlanc Saint Hilaire, Marie Jean. _9126001 |
|
| 245 | 1 | 0 |
_aNueva gramática italiana _b: explicada en español y formada sobre los mejores autores, con diálogos, cartas familiares y piezas sacudidas de los mejores autores, algunas con la traducción, etc. / _cpor S. H. Blanc. |
| 260 |
_aLeon : _bLibreria Cormon y Blanc ; _aParis : _bBlanc y Hervier, _c1843 ( _eRoanne : _fImprenta de Ferlay) |
||
| 300 |
_a216 p. ; _c18 cm. |
||
| 650 | 4 |
_aLengua italiana- _xGramática. _914290 |
|
| 852 |
_aES-MaACL _jD-2598 _z-- Enc. hol. |
||
| 999 |
_c152180 _d152180 |
||